[Event "GRE-chT 49th"]
[Site "Thessaloniki"]
[Date "2022.08.13"]
[Round "3"]
[White "Gavriilidis, Giorgos"]
[Black "Kosmidis, Ioannis"]
[Result "0-1"]
[WhiteElo "1753"]
[BlackElo "2165"]
[PlyCount "166"]
[EventDate "2022.08.12"]
[EventType "team-swiss"]
[EventRounds "7"]
[EventCountry "GRE"]
[SourceTitle "EXT 2024"]
[Source "ChessBase"]
[SourceDate "2023.10.10"]
[SourceVersion "1"]
[SourceVersionDate "2023.10.10"]
[SourceQuality "1"]
[WhiteTeam "Thessaloniki Chan"]
[BlackTeam "Kozanis Aetoi"]
[WhiteTeamCountry "GRE"]
[BlackTeamCountry "GRE"]

1. e4 e5 2. Nf3 Nc6 3. Bb5 g6 4. d3 Bg7 5. 0-0 Nge7 6. Be3 0-0 7. Qd2 d6 8. Bc4 Kh8 9. a3 f5 10. Bh6 fxe4 11. dxe4 Ng8 12. Bxg7+ Kxg7 13. Qe3 Nf6 14. Nc3 Nh5 15. Bd5 Nf4 16. Bxc6 bxc6 17. Ne2 Nxe2+ 18. Qxe2 Bg4 19. Rad1 Bxf3 20. gxf3 Rf4 21. Rd3 Qh4 22. Kg2 Raf8 23. Rg1 Qh5 24. Re3 Rh4 25. Rh1 Rhf4 26. Rg1 Rxf3 27. Rxf3 Qg4+ 28. Kf1 Qxf3 29. Qxf3 Rxf3 30. Kg2 Rf8 31. Rd1 Rb8 32. b3 Kf6 33. Rd3 c5 34. Rf3+ Kg7 35. Rc3 Rb5 36. Kf1 Rb7 37. Ke2 Kf6 38. Rh3 c6 39. Rf3+ Ke7 40. Rh3 Ke6 41. Rc3 a5 42. Rc4 Rb5 43. Rc3 a4 44. Rh3 Rb7 45. bxa4 c4 46. Kd2 d5 47. Kc3 Kd6 48. exd5 cxd5 49. Rf3 Kc5 50. Rf8 d4+ 51. Kd2 Ra7 52. f4 exf4 53. Rxf4 Rxa4 54. Rf7 h5 55. Rc7+ Kd5 56. Rg7 Rxa3 57. Rxg6 Rh3 58. Rg2 Ke4 59. Rf2 c3+ 60. Ke2 Re3+ 61. Kd1 d3 62. cxd3+ Kxd3 63. Ra2 Rf3 64. Ke1 c2 65. Ra3+ Kd4 66. Rxf3 c1Q+ 67. Kf2 Ke4 68. Rg3 Qd2+ 69. Kg1 Kf4 70. Rg8 Qd4+ 71. Kh1 Qd5+ 72. Rg2 Qe4 73. h3 Kf3 74. Kh2 Qe1 75. Rg1 Qe5+ 76. Kh1 Qe2 77. Rg6 Qf1+ 78. Kh2 Qf2+ 79. Kh1 Qh4 80. Kh2 Qf4+ 81. Kg1 Qc1+ 82. Kh2 Qc2+ 83. Rg2 Qxg2# 0-1

[Event "GRE-chT2 48th"]
[Site "Thessaloniki"]
[Date "2021.10.06"]
[Round "2.2"]
[White "Gavriilidis, Giorgos"]
[Black "Neugebauer, Martin"]
[Result "0-1"]
[WhiteElo "1748"]
[BlackElo "2485"]
[PlyCount "74"]
[EventDate "2021.10.05"]
[EventType "team-swiss"]
[EventRounds "7"]
[EventCountry "GRE"]
[SourceTitle "CBM 204 Extra"]
[Source "ChessBase"]
[SourceDate "2021.11.30"]
[SourceVersion "1"]
[SourceVersionDate "2021.11.30"]
[SourceQuality "1"]
[WhiteTeam "Kalamarias Han"]
[BlackTeam "Galaxias"]
[WhiteTeamCountry "GRE"]
[BlackTeamCountry "GRE"]

1. e4 c5 2. Nf3 d6 3. d4 cxd4 4. Nxd4 Nf6 5. Nc3 a6 6. Be3 e5 7. Nb3 Be7 8. f3 Be6 9. Qd2 0-0 10. 0-0-0 a5 11. a4 Na6 12. g4 Nb4 13. g5 Ne8 14. Nd5 Nxd5 15. exd5 Bd7 16. Bd3 Bxa4 17. Qg2 Bd7 18. Kd2 a4 19. Nc1 f5 20. gxf6 Nxf6 21. Rhg1 Rf7 22. c4 Qa5+ 23. Ke2 Qb4 24. Rd2 e4 25. fxe4 Ng4 26. Bd4 Raf8 27. Na2 Qa5 28. Kd1 Bf6 29. Bxf6 Ne3+ 30. Kc1 Nxg2 31. Rdxg2 Rxf6 32. Rxg7+ Kh8 33. Rxd7 Rf2 34. Nc3 Rxb2 35. Kxb2 Qb6+ 36. Nb5 Qxg1 37. Nxd6 Qd4+ 0-1

[Event "Thessaloniki/Chalkidiki-chT"]
[Site "Thessaloniki/Chalkidiki"]
[Date "2019.01.20"]
[Round "2.4"]
[White "Anagnostopoulos, Ioannis"]
[Black "Gavriilidis, Giorgos"]
[Result "1-0"]
[WhiteElo "1901"]
[BlackElo "1605"]
[PlyCount "107"]
[EventDate "2019.01.13"]
[EventType "team-tourn"]
[EventRounds "9"]
[EventCountry "GRE"]
[SourceTitle "EXT 2020"]
[Source "ChessBase"]
[SourceDate "2019.10.17"]
[SourceVersion "1"]
[SourceVersionDate "2019.10.17"]
[SourceQuality "1"]
[WhiteTeam "Polygyrou ASO"]
[BlackTeam "Kalamarias Han"]
[WhiteTeamCountry "GRE"]
[BlackTeamCountry "GRE"]

1. e4 c6 2. d3 d5 3. Nd2 Nd7 4. Ngf3 dxe4 5. dxe4 e5 6. a4 Ngf6 7. Bc4 Be7 8. 0-0 0-0 9. Qe2 Qc7 10. Nh4 Nc5 11. Nf5 Ne6 12. Nf3 Nf4 13. Bxf4 exf4 14. Nxe7+ Qxe7 15. e5 Nd5 16. Bxd5 cxd5 17. Nd4 g5 18. Rfe1 Be6 19. Qd2 a6 20. Ra3 Kh8 21. Kh1 Rg8 22. g3 fxg3 23. Rxg3 Rg6 24. Reg1 Rag8 25. f4 gxf4 26. Qxf4 Rxg3 27. Rxg3 Rxg3 28. Qxg3 Qf8 29. Qh4 h6 30. Kg2 Qg7+ 31. Qg3 Bd7 32. a5 Kh7 33. Qxg7+ Kxg7 34. Kf3 Kg6 35. Kf4 Bc8 36. c3 Bd7 37. b4 Bc8 38. b5 Bd7 39. b6 Bc8 40. Nb3 Bd7 41. e6 fxe6 42. Ke5 Kf7 43. Kd6 Ke8 44. Nc5 Bc6 45. Nxe6 d4 46. cxd4 Bg2 47. Kc7 Ke7 48. Nc5 Kf6 49. Nxb7 Kg5 50. Nc5 Kh4 51. Ne6 Bf3 52. b7 Bxb7 53. Kxb7 Kh3 54. Ng7 1-0

[Event "GRE-ch U18"]
[Site "Rethymno"]
[Date "2019.01.07"]
[Round "8"]
[White "Koutsourakis, Ioannis"]
[Black "Gavriilidis, Giorgos"]
[Result "1-0"]
[WhiteElo "1611"]
[BlackElo "1605"]
[PlyCount "89"]
[EventDate "2019.01.02"]
[EventType "swiss"]
[EventRounds "9"]
[EventCountry "GRE"]
[SourceTitle "CBM 188 Extra"]
[Source "ChessBase"]
[SourceDate "2019.02.26"]
[SourceVersion "1"]
[SourceVersionDate "2019.02.26"]
[SourceQuality "1"]

1. d4 Nf6 2. c4 g6 3. Nc3 d5 4. Bg5 Ne4 5. Nxe4 dxe4 6. e3 Bg7 7. Qc2 f5 8. h4 c5 9. 0-0-0 cxd4 10. exd4 Nc6 11. Ne2 Qb6 12. c5 Qa5 13. Qc4 Bd7 14. h5 Qb4 15. Qxb4 Nxb4 16. h6 Bf6 17. Bxf6 exf6 18. Nc3 Rc8 19. a3 Nc6 20. Kb1 Ne7 21. b4 b6 22. Bb5 Rb8 23. Ka2 a5 24. Bxd7+ Kxd7 25. bxa5 bxc5 26. dxc5+ Kc6 27. Rd6+ Kxc5 28. Rxf6 Rhd8 29. Rf7 Rd2+ 30. Ka1 Nc6 31. Rxh7 Rb3 32. Na4+ Kd6 33. Rg7 Rxa3+ 34. Kb1 Rxa4 35. h7 Raa2 36. Rb7 Nxa5 37. Rb5 Nc4 38. Rb3 Na5 39. h8Q Nxb3 40. Qb8+ Ke7 41. Qxb3 Rxf2 42. Rh7+ Kf6 43. Rf7+ Ke5 44. Qg3+ Kd4 45. Rd7+ 1-0

[Event "GRE-ch U18"]
[Site "Rethymno"]
[Date "2019.01.05"]
[Round "5"]
[White "Gavriilidis, Giorgos"]
[Black "Patrelakis, Evaggelos"]
[Result "0-1"]
[WhiteElo "1605"]
[BlackElo "2123"]
[PlyCount "88"]
[EventDate "2019.01.02"]
[EventType "swiss"]
[EventRounds "9"]
[EventCountry "GRE"]
[SourceTitle "CBM 188 Extra"]
[Source "ChessBase"]
[SourceDate "2019.02.26"]
[SourceVersion "1"]
[SourceVersionDate "2019.02.26"]
[SourceQuality "1"]

1. d4 Nf6 2. c4 g6 3. Nc3 Bg7 4. e4 d6 5. Nf3 0-0 6. Be2 e5 7. d5 a5 8. Bg5 h6 9. Bh4 g5 10. Bg3 Nh5 11. Nd2 Nf4 12. 0-0 f5 13. f3 Nxe2+ 14. Qxe2 f4 15. Bf2 b6 16. b3 h5 17. a3 g4 18. b4 Qg5 19. Rfc1 Bh6 20. Kh1 Rf7 21. c5 g3 22. Bg1 bxc5 23. Nf1 Ba6 24. b5 Bb7 25. Na4 Nd7 26. Nb2 Nb6 27. a4 Kh8 28. Nc4 Rg7 29. hxg3 fxg3 30. Be3 Qh4+ 31. Kg1 Bxe3+ 32. Qxe3 Kh7 33. Qd2 Nxc4 34. Rxc4 Qf6 35. Ne3 Bc8 36. Rcc1 h4 37. Rf1 h3 38. Ng4 Qh4 39. gxh3 Qxh3 40. Qg2 Qh4 41. Ne3 Bh3 42. Nf5 Bxf5 43. exf5 Qd4+ 44. Kh1 Rh8 0-1

[Event "GRE-ch U16"]
[Site "Rio Achaia"]
[Date "2018.07.08"]
[Round "8"]
[White "Papadopoulos, Ioannis1111"]
[Black "Gavriilidis, Giorgos"]
[Result "0-1"]
[WhiteElo "1929"]
[BlackElo "1555"]
[PlyCount "84"]
[EventDate "2018.07.03"]
[EventType "swiss"]
[EventRounds "9"]
[EventCountry "GRE"]
[SourceTitle "EXT 2019"]
[Source "ChessBase"]
[SourceDate "2018.10.10"]
[SourceVersion "1"]
[SourceVersionDate "2018.10.10"]
[SourceQuality "1"]

1. e4 Nf6 2. e5 Nd5 3. d4 d6 4. Nf3 Bg4 5. Be2 c6 6. 0-0 Bxf3 7. Bxf3 dxe5 8. dxe5 e6 9. Bxd5 cxd5 10. Be3 Nc6 11. c3 Be7 12. f4 0-0 13. Nd2 a6 14. Nf3 b5 15. Nd4 Qc7 16. Nxc6 Qxc6 17. Kh1 Rfc8 18. Qg4 Rab8 19. f5 exf5 20. Qxf5 Qe6 21. Qd3 Bc5 22. Bd4 Rc6 23. Qg3 Bxd4 24. Rf6 Qc8 25. Rxc6 Qxc6 26. cxd4 Rc8 27. h3 Qg6 28. Qf3 Qe6 29. Qd3 Qg6 30. Qf3 Qe6 31. Qe2 Qg6 32. a4 b4 33. Qd2 Rc2 34. Rc1 b3 35. Rxc2 Qxc2 36. Qb4 h6 37. e6 fxe6 38. Qd6 Qc8 39. Qb4 Qc1+ 40. Kh2 Qxb2 41. Qd6 Qc2 42. Qxe6+ Kh7 0-1

[Event "GRE-ch U16"]
[Site "Rio Achaia"]
[Date "2018.07.04"]
[Round "2"]
[White "Gavriilidis, Giorgos"]
[Black "Loukopoulos, Panagiotis Athanasi"]
[Result "0-1"]
[WhiteElo "1555"]
[BlackElo "1942"]
[PlyCount "56"]
[EventDate "2018.07.03"]
[EventType "swiss"]
[EventRounds "9"]
[EventCountry "GRE"]
[SourceTitle "EXT 2019"]
[Source "ChessBase"]
[SourceDate "2018.10.10"]
[SourceVersion "1"]
[SourceVersionDate "2018.10.10"]
[SourceQuality "1"]

1. e4 c5 2. Nf3 e6 3. d4 cxd4 4. Nxd4 a6 5. c4 Nf6 6. Nc3 Qc7 7. a3 b6 8. Be3 Bb7 9. f3 d6 10. Be2 Be7 11. Rc1 0-0 12. 0-0 Nbd7 13. b4 Rac8 14. Nb3 Qb8 15. Na4 Bc6 16. b5 axb5 17. cxb5 Ba8 18. Qd4 Nc5 19. Naxc5 dxc5 20. Qc3 Bd6 21. g3 Bxg3 22. hxg3 Qxg3+ 23. Kh1 Nxe4 24. Qe1 Qh3+ 25. Kg1 Ng3 26. Bf4 Qh1+ 27. Kf2 Qh2+ 28. Ke3 Nf5+ 0-1

[Event "GRE-ch U16"]
[Site "Achaia"]
[Date "2017.06.29"]
[Round "5"]
[White "Lamprou, Konstantinos Georgi"]
[Black "Gavriilidis, Giorgos"]
[Result "1/2-1/2"]
[WhiteElo "1634"]
[BlackElo "1136"]
[PlyCount "70"]
[EventDate "2017.06.26"]
[EventType "swiss"]
[EventRounds "9"]
[EventCountry "GRE"]
[SourceTitle "CBM 179 Extra"]
[Source "ChessBase"]
[SourceDate "2017.08.23"]
[SourceVersion "1"]
[SourceVersionDate "2017.08.23"]
[SourceQuality "1"]

1. e4 c5 2. Nf3 Nc6 3. Bb5 e6 4. 0-0 Nge7 5. Re1 d5 6. exd5 Nxd5 7. d3 Bd6 8. Nbd2 0-0 9. Nc4 f6 10. Bxc6 bxc6 11. Nfd2 Be7 12. b3 e5 13. Qf3 Bb7 14. Bb2 Rc8 15. Ne4 Nc7 16. Ng3 Nb5 17. c3 Nd6 18. Ba3 Nxc4 19. dxc4 Qa5 20. Nf5 Rfe8 21. Bb2 Bf8 22. Qg4 g6 23. Red1 Rcd8 24. Ne3 Bc8 25. Qf3 Re6 26. Rxd8 Qxd8 27. Qe2 Rd6 28. Rd1 Rxd1+ 29. Qxd1 Qxd1+ 30. Nxd1 Bf5 31. Ne3 Bb1 32. a3 a5 33. Nf1 Bc2 34. Nd2 Bh6 35. Bc1 Bxd2 1/2-1/2

[Event "Kavala op 20th"]
[Site "Kavala"]
[Date "2011.07.30"]
[Round "1"]
[White "Gavriilidis, Giorgos"]
[Black "Svetushkin, Dmitry"]
[Result "0-1"]
[WhiteElo "2159"]
[BlackElo "2576"]
[PlyCount "76"]
[EventDate "2011.07.30"]
[EventType "swiss"]
[EventRounds "9"]
[EventCountry "GRE"]
[SourceTitle "CBM 143 Extra"]
[Source "ChessBase"]
[SourceDate "2011.08.29"]
[SourceVersion "1"]
[SourceVersionDate "2011.08.29"]
[SourceQuality "1"]

1. d4 d5 2. Nf3 Nf6 3. c4 c6 4. Nc3 a6 5. cxd5 cxd5 6. Qb3 Nc6 7. Bg5 e6 8. e3 h6 9. Bh4 Na5 10. Qc2 Bd7 11. Bd3 Rc8 12. 0-0 Bb4 13. Ne5 b5 14. Be2 Nc4 15. Bxc4 bxc4 16. Nxd7 Qxd7 17. Bxf6 gxf6 18. e4 dxe4 19. Qxe4 f5 20. Qe5 0-0 21. Rfe1 Kh7 22. Rad1 Rcd8 23. Re3 Bd6 24. Qa5 Qb7 25. Na4 Rg8 26. g3 f4 27. Rc3 Bb4 28. Qh5 Bxc3 29. bxc3 Rd5 30. Qe2 f3 31. Qxc4 Qb5 32. Qb3 Qe2 33. Qb1+ Kg7 34. Re1 Rb5 35. Qc1 Rgb8 36. Nc5 Rb1 37. Qxb1 Rxb1 38. Rxb1 Qxa2 0-1

[Event "GRE-ch U20"]
[Site "Greece"]
[Date "2001.04.08"]
[Round "3"]
[White "Gavriilidis, Giorgos"]
[Black "Kapnisis, Spyridon"]
[Result "0-1"]
[WhiteElo "2010"]
[BlackElo "2375"]
[PlyCount "50"]
[EventDate "2001.04.??"]
[EventType "swiss"]
[EventRounds "7"]
[EventCountry "GRE"]
[SourceTitle "EXT 2003"]
[Source "ChessBase"]
[SourceDate "2002.11.25"]
[SourceVersion "1"]
[SourceVersionDate "2002.11.25"]
[SourceQuality "1"]

1. d4 d5 2. Nf3 Nc6 3. c3 Bg4 4. Qb3 Rb8 5. Bf4 e6 6. Nbd2 Bd6 7. e3 Nge7 8. Bg3 0-0 9. Bd3 Ng6 10. 0-0 Re8 11. c4 Na5 12. Qc3 Nxc4 13. Nxc4 dxc4 14. Bxc4 Bxf3 15. gxf3 Nh4 16. e4 e5 17. Qb3 Qe7 18. f4 exf4 19. Bxh4 Qxh4 20. e5 Bxe5 21. dxe5 Rxe5 22. Bxf7+ Kh8 23. Rae1 Qg4+ 24. Qg3 fxg3 25. Rxe5 gxf2+ 0-1